| 000 | 00485nam a22001577a 4500 | ||
|---|---|---|---|
| 003 | macl | ||
| 005 | 20200204124543.0 | ||
| 008 | 200204b xxu||||| |||| 00| 0 eng d | ||
| 040 | _cmacl | ||
| 082 | _a920/MAL | ||
| 100 |
_aमलिक नीरू _978017 |
||
| 245 | _aस्त्री शक्ति के स्तंभ | ||
| 260 |
_aदिल्ली _bहार्दिक प्रकाशन _c2015 |
||
| 650 |
_aजीवनी _97943 |
||
| 942 |
_2ddc _cHIN |
||
| 999 |
_c61937 _d61937 |
||